[Event "Tourn. n9329"]
[Site "www.chess-mail.com"]
[Date "2017.06.06"]
[Round "1"]
[White "Fabos12"]
[Black "Said1991"]
[WhiteElo "1880"]
[BlackElo "1809"]
[Result "0-1"]
[Round "1"]
1.d4 d5
2.Ng1f3 Ng8f6
3.Bc1f4 e6
4.e3 c6
5.Bf1d3 Nb8d7
6.h3 Bf8b4
7.Nb1d2 O-O
8.c3 Bb4a5
9.g4 Ba5c7
10.Bf4xc7 Qd8xc7
11.g5 Nf6e8
12.h4 e5
13.Bd3f5 exd4
14.exd4 Ne8d6
15.Bf5d3 Rf8e8
16.Bd3e2 c5
17.Nd2b3 cxd4
18.cxd4 Nd6c4
19.Qd1c2 Qc7f4
20.O-O Nd7f8
21.Rf1e1 Bc8g4
22.Nf3h2 Re8xe2
23.Re1xe2 Bg4f5
24.Qc2c1 Qf4xh4
25.f4 Nf8g6
26.Re2f2 Bf5e4
27.Nb3d2 Qh4g3
28.Kf1 Be4d3
{ resign }
0-1

[Event "Tourn. n9370"]
[Site "www.chess-mail.com"]
[Date "2017.06.06"]
[Round "1"]
[White "Pachi"]
[Black "Cal"]
[WhiteElo "1550"]
[BlackElo "1720"]
[Result "0-1"]
[Round "1"]
1.e4 e5
2.g3 a6
3.Qd1h5 Qd8f6
4.Ng1f3 h6
5.Nf3xe5 d6
6.Ne5g4 Qf6f3
7.Bf1b5 axb5
8.Qh5xb5 c6
9.Qb5b3 Qf3xg4
10.d3 b5
11.Bc1f4 Bf8e7
12.O-O Bc8e6
13.Qb3c3 Qg4f3
14.Nb1d2 Qf3g4
15.e5 Qg4h3
16.exd6 Be6d5
17.f3 Be7f6
18.Bf4e5 Nb8d7
19.Rf1e1 Kf8
20.Be5xf6 Ng8xf6
21.Re1e2 g5
22.Ra1f1 c5
23.a3 Rh8g8
24.b4 c4
25.f4 Ra8e8
26.Rf1f2 Re8xe2
27.Rf2xe2 gxf4
28.Nd2e4 Bd5xe4
29.dxe4 fxg3
30.Kh1 Qh3f1
{ resign }
0-1

[Event "Tourn. n9370"]
[Site "www.chess-mail.com"]
[Date "2017.06.06"]
[Round "1"]
[White "Cal"]
[Black "Hansen"]
[WhiteElo "1700"]
[BlackElo "1590"]
[Result "1-0"]
[Round "1"]
1.c4 e6
2.Nb1c3 d5
3.cxd5 exd5
4.d4 Nb8c6
5.e3 Bf8b4
6.Bc1d2 Ng8f6
7.Bf1b5 Bb4xc3
8.bxc3 a6
9.Bb5a4 b5
10.Ba4b3 Nf6e4
11.Ng1f3 Bc8g4
12.h3 O-O
13.hxg4 f5
14.Nf3e5 Nc6xe5
15.dxe5 fxg4
16.Qd1xg4 Rf8xf2
17.Bb3c2 c6
18.Bc2xe4 dxe4
19.Ra1d1 Qd8d3
20.Kxf2 Ra8f8
21.Kg3 Qd3d5
22.e6 Qd5e5
23.Kh3 h5
24.Qg4g6 Rf8f6
25.Qg6e8 Kh7
26.e7 Rf6e6
27.g4 hxg4
28.Kxg4 Re6h6
29.Rh1xh6 Kxh6
30.Rd1h1 { resign }
1-0

[Event "Match"]
[Site "www.echecsemail.com"]
[Date "2017.06.06"]
[Round "1"]
[White "52maurice"]
[Black "86eamon"]
[WhiteElo "1429"]
[BlackElo "1539"]
[Result "0-1"]
[Round "1"]
1.e3 d5
2.c3 Nb8c6
3.g3 Bc8f5
4.Ng1f3 Bf5g4
5.Bf1e2 Bg4h3
6.Nf3g1 Bh3g2
7.Be2f3 Bg2xh1
8.Bf3xh1 h5
9.h4 g5
10.hxg5 h4
11.g4 h3
12.Ng1f3 h2
13.Nf3d4 Rh8h4
14.b3 Qd8d7
15.f3 Rh4h3
16.Qd1e2 Rh3g3
17.Qe2xh2 Qd7d6
18.Nd4f5 Qd6e5
19.Nf5xg3 Qe5xg5
20.a4 Bf8g7
21.a5 Qg5h6
22.Ng3h5 Qh6h8
23.Qh2xc7 Ra8b8
24.Nb1a3 Bg7xc3
25.Ra1b1 Bc3xa5
26.Qc7f4 Qh8e5
27.Na3b5 a6
28.Bc1b2 Qe5xf4
29.Nh5xf4 axb5
30.Nf4xd5 Rb8d8
31.Nd5c7 Kf8
32.Nc7xb5 Ba5xd2
33.Kf2 Rd8d3
34.Rb1d1 Bd2xe3
35.Kg3 Rd3xb3
36.Bb2c1 Rb3b1
37.f4 e5
38.f5 Be3f4
39.Kh4 Rb1xc1
40.Bh1f3 Rc1xd1
41.Bf3xd1 Nc6d4
42.Nb5d6 b5
43.Kh5 f6
44.Kg6 b4
45.Nd6c4 e4
46.Bd1a4 Ng8h6
47.Ba4d1 Nh6xf5
48.gxf5 Bf4g5
49.Kh5 Nd4xf5
50.Kg6 Nf5e7
51.Kh5 e3
52.Nc4a5 Ne7d5
53.Na5c4 Nd5c3
54.Nc4xe3 Bg5xe3
55.Bd1c2 Ke7
56.Kg6 Ke6
57.Bc2f5 Ke5
58.Bf5c2 Nc3e4
59.Bc2d1 f5
60.Kh5 f4
61.Kg4 Ne4f2
62.Kg5 f3
63.Kh4 Nf2xd1
64.Kg3 f2
65.Kg2 b3
66.Kf1 b2
67.Ke2 b1R
68.Kf1 Rb1b2
69.Kg2 Be3c1
70.Kf1 Nd1c3
71.Kg2 Bc1f4
72.Kf1 Nc3e4
73.Kg2 Ne4g3
74.Kh3 f1Q
75.Kg4 Ng3e4
76.Kh4 Rb2g2
{ resign }
0-1

[Event "Match"]
[Site "www.echecsemail.com"]
[Date "2017.06.06"]
[Round "1"]
[White "Motorhead99"]
[Black "Karlgrocer"]
[WhiteElo "1740"]
[BlackElo "2100"]
[Result "1/2-1/2"]
[Round "1"]
1.e4 c5
2.Ng1f3 d6
3.d4 cxd4
4.Nf3xd4 Ng8f6
5.Nb1c3 e6
6.Bc1e3 Bf8e7
7.f4 O-O
8.Bf1e2 a6
9.g4 e5
10.Nd4f5 Bc8xf5
11.gxf5 exf4
12.Be3xf4 Nb8c6
13.Be2d3 Nc6e5
14.Rh1g1 Kh8
15.Qd1e2 Ne5xd3
16.cxd3 b5
17.Ra1d1 Nf6d7
18.Nc3d5 Nd7b6
19.Nd5xb6 Qd8xb6
20.Bf4e3 Qb6a5
21.Rd1d2 Ra8c8
22.Kf2 Be7h4
23.Kg2 Qa5d8
24.Kh1 f6
25.Qe2g4 Bh4g5
26.Be3xg5 fxg5
27.h4 Rc8c5
28.hxg5 Qd8e7
29.Qg4d1 Rc5e5
30.Rd2c2 Rf8d8
31.g6 h6
32.Rc2h2 d5
33.Rh2xh6 gxh6
34.g7 Qe7xg7
35.Rg1xg7 Kxg7
36.Qd1g4 Kh8
37.Qg4g6 Re5e8
38.Qg6xh6 Kg8
39.Qh6g6 Kh8
40.Qg6f6 { draw }
1/2-1/2

[Event "Match"]
[Site "www.echecsemail.com"]
[Date "2017.06.06"]
[Round "1"]
[White "Astroboy"]
[Black "Bjonil60"]
[WhiteElo "1499"]
[BlackElo "1450"]
[Result "1-0"]
[Round "1"]
1.d4 d5
2.Ng1f3 e6
3.c4 Nb8c6
4.Nb1c3 Ng8f6
5.Bc1g5 Bf8e7
6.e3 Nf6h5
7.Bg5xe7 Qd8xe7
8.Qd1c2 O-O
9.Ra1c1 a6
10.Bf1d3 g6
11.O-O b6
12.cxd5 exd5
13.Nc3xd5 Qe7e6
14.Nd5xc7 Qe6xa2
15.Qc2xc6 Ra8a7
16.Qc6xb6 Ra7a8
17.Nc7xa8 Bc8g4
18.Nf3e5 Bg4e6
19.Na8c7 Be6c8
20.Rc1a1 Qa2xa1
21.Rf1xa1 Rf8d8
22.Bd3xa6 Bc8f5
23.g4 Nh5f6
24.Qb6xf6 Rd8b8
25.gxf5 Rb8xb2
26.Qf6xf7 Kh8
27.fxg6 hxg6
28.Ne5xg6 
1-0

[Event "Match"]
[Site "www.echecsemail.com"]
[Date "2017.06.06"]
[Round "1"]
[White "Luke1302"]
[Black "86eamon"]
[WhiteElo "1470"]
[BlackElo "1539"]
[Result "0-1"]
[Round "1"]
1.e4 c5
2.b3 a6
3.Bc1b2 f6
4.Qd1e2 Nb8c6
5.Bb2a3 b6
6.Nb1c3 Nc6d4
7.Qe2d1 d6
8.h4 b5
9.Qd1h5 g6
10.Qh5d5 Ra8a7
11.b4 Bc8e6
12.Qd5c6 Qd8d7
 { time }
0-1

[Event "Match"]
[Site "www.echecsemail.com"]
[Date "2017.06.06"]
[Round "1"]
[White "Fangshuo"]
[Black "Cjood"]
[WhiteElo "2080"]
[BlackElo "1880"]
[Result "1-0"]
[Round "1"]
1.e4 e5
2.Ng1f3 Nb8c6
3.d4 exd4
4.Nf3xd4 Nc6xd4
5.Qd1xd4 c5
6.Qd4e3 g6
7.Nb1c3 a6
8.Bf1c4 d6
9.O-O Bf8g7
10.f4 Bg7d4
11.Qe3xd4 cxd4
12.Nc3d5 Bc8e6
13.f5 Be6xd5
14.Bc4xd5 Qd8b6
15.fxg6 fxg6
16.Bd5f7 Kd7
17.Kh1 Qb6c6
18.Bf7d5 Qc6xc2
19.Bc1g5 Ra8e8
20.Bd5xb7 h5
21.Ra1c1 Qc2xb2
22.Bb7c6 Ke6
23.Bc6xe8 Ng8e7
24.Be8f7 Kd7
25.Rc1b1 Qb2e2
26.Bg5xe7 Qe2xe4
27.Rf1e1 Rh8b8
28.Bf7e8 Kc7
29.Re1c1 { resign }
1-0

[Event "Match"]
[Site "www.echecsemail.com"]
[Date "2017.06.06"]
[Round "1"]
[White "Irene"]
[Black "Orae"]
[WhiteElo "2130"]
[BlackElo "1760"]
[Result "1-0"]
[Round "1"]
1.d4 g6
2.Ng1f3 Bf8g7
3.e3 Ng8f6
4.Nf3g5 O-O
5.Bf1c4 e6
6.Qd1f3 d5
7.Bc4d3 Nf6d7
8.Ng5xh7 Rf8e8
9.Qf3h3 e5
10.g4 Nd7f6
11.Nh7xf6 Qd8xf6
12.dxe5 Qf6xe5
13.Nb1a3 d4
14.Na3c4 Qe5c5
15.Qh3f3 Qc5b4
16.Bc1d2 Qb4e7
17.O-O-O Nb8c6
18.h4 Bc8e6
19.h5 Be6xc4
20.Bd3xc4 Nc6e5
21.Qf3d5 c6
22.Qd5xf7 Ne5xf7
23.hxg6 Kf8
24.gxf7 Re8d8
25.a3 b5
26.Bc4b3 d3
27.Bd2b4 c5
28.Bb4a5 Rd8d6
29.Rd1xd3 c4
30.Rd3xd6 Qe7xf7
31.Ba5b4 Kg8
32.Bb3a2 Qf7xf2
33.Bb4c5 Qf2g3
34.Rd6g6 a5
35.Bc5d4 Qg3g2
36.Rg6xg7 { resign }
1-0

[Event "Match"]
[Site "www.echecsemail.com"]
[Date "2017.06.06"]
[Round "1"]
[White "Calponas"]
[Black "Said1991"]
[WhiteElo "2020"]
[BlackElo "1809"]
[Result "0-1"]
[Round "1"]
1.d4 d5
2.c4 e6
3.Nb1c3 Ng8f6
4.Bc1g5 Nb8d7
5.Ng1f3 c6
6.e3 Qd8a5
7.c5 b6
8.cxb6 axb6
9.Bf1d3 Bf8b4
10.O-O Bc8a6
11.Bd3xa6 Qa5xa6
12.Qd1c2 c5
13.a3 Bb4xc3
14.bxc3 O-O
15.Rf1b1 Nf6e4
16.a4 Qa6c4
17.Rb1c1 Ra8a5
18.Bg5f4 Rf8a8
19.Nf3d2 Ne4xd2
20.Qc2xd2 Ra5xa4
21.Ra1xa4 Ra8xa4
22.h4 h6
23.g4 Ra4a2
24.Qd2e1 Nd7f6
25.g5 hxg5
26.hxg5 Nf6e4
27.f3 Ne4f2
28.Qe1f1 Qc4xf1
29.Rc1xf1 Nf2h3
30.Kh1 Nh3xf4
31.exf4 Ra2c2
32.dxc5 bxc5
{ resign }
0-1

[Event "Match"]
[Site "www.echecsemail.com"]
[Date "2017.06.06"]
[Round "1"]
[White "Jesmantiz"]
[Black "Jaguar91"]
[WhiteElo "2190"]
[BlackElo "2190"]
[Result "0-1"]
[Round "1"]
1.d4 Ng8f6
2.e3 g6
3.Bf1d3 b6
4.Ng1f3 Bf8g7
5.O-O Bc8b7
6.Nb1d2 O-O
7.Qd1e2 Nb8c6
8.a3 d5
9.c4 Rf8e8
10.Nf3e5 Nc6xe5
11.dxe5 Nf6e4
12.Nd2f3 Ne4c5
13.Bd3c2 dxc4
14.Rf1d1 Qd8c8
15.e4 Qc8g4
16.h3 Qg4e6
17.Bc1f4 Ra8d8
18.Nf3g5 Qe6c6
19.h4 h6
20.Ng5h3 Nc5xe4
21.f3 Ne4c5
22.Nh3f2 Bb7a6
23.Qe2e3 h5
24.Ra1c1 Qc6b5
25.Rc1b1 Rd8xd1
26.Nf2xd1 Re8d8
27.Nd1c3 Qb5c6
28.Bc2e4 Qc6e6
29.Be4c2 Nc5d3
30.Rb1d1 c5
31.Bf4g3 Rd8d7
32.f4 Nd3xb2
33.Rd1f1 Bg7h6
34.Qe3e2 Nb2d3
35.a4 Rd7d4
36.Nc3e4 Ba6b7
37.Ne4g5 Qe6d5
38.Rf1f3 a6
39.f5 b5
40.fxg6 fxg6
41.Bg3f2 Rd4g4
42.Bc2xd3 cxd3
43.Qe2xd3 Rg4xg2
44.Kxg2 Qd5xd3
{ resign }
0-1

[Event "1/128 Finale"]
[Site "www.chess-mail.com"]
[Date "2017.06.06"]
[Round "1"]
[White "Maj16"]
[Black "Fabos12"]
[WhiteElo "1799"]
[BlackElo "1890"]
[Result "1-0"]
[Round "1"]
1.g3 d5
2.Bf1g2 Ng8f6
3.c4 d4
4.d3 e5
5.Ng1f3 Nb8c6
6.O-O h6
7.e3 Bc8g4
8.Qd1b3 Ra8b8
9.exd4 Bg4xf3
10.Bg2xf3 Nc6xd4
11.Qb3d1 g5
12.Nb1c3 Rh8g8
13.Rf1e1 Bf8d6
14.Bc1e3 Nd4xf3
15.Qd1xf3 Nf6h7
16.d4 f6
{ time. }
1-0

[Event "Eq:Good team-Tigers of Istanbul : "]
[Site "www.chess-mail.com"]
[Date "2017.06.06"]
[Round "1"]
[White "Jaroslavpech"]
[Black "Castletyme"]
[WhiteElo "2120"]
[BlackElo "1760"]
[Result "1-0"]
[Round "1"]
1.d4 e6
2.e4 d5
3.e5 Nb8c6
4.Ng1f3 h6
5.c3 Ng8e7
6.a4 Ne7g6
7.b4 a6
8.Bf1d3 Ng6h4
9.Nf3xh4 Qd8xh4
10.O-O Bc8d7
11.Nb1d2 Qh4d8
12.Qd1g4 Nc6e7
13.Nd2b3 b6
14.Rf1e1 Ne7c6
15.a5 b5
16.Re1e3 g5
17.Qg4h5 Nc6e7
18.Re3f3 Ne7f5
19.g4 { resign }
1-0

[Event "Tourn. n9394"]
[Site "www.chess-mail.com"]
[Date "2017.06.07"]
[Round "1"]
[White "Sorento"]
[Black "Rons"]
[WhiteElo "2440"]
[BlackElo "2590"]
[Result "1/2-1/2"]
[Round "1"]
1.d4 Ng8f6
2.Bc1g5 Nf6e4
3.Bg5f4 c5
4.e3 Qd8b6
5.Nb1c3 Ne4xc3
6.bxc3 e6
7.Ng1f3 Qb6b2
8.Kd2 cxd4
9.exd4 Nb8c6
10.Bf1d3 Qb2a3
11.Qd1e2 Bf8d6
12.Bf4xd6 { draw }
1/2-1/2

[Event "Tourn. n9308"]
[Site "www.chess-mail.com"]
[Date "2017.06.07"]
[Round "1"]
[White "Leonger"]
[Black "Abuelo"]
[WhiteElo "2130"]
[BlackElo "2150"]
[Result "0-1"]
[Round "1"]
1.e4 e5
2.f4 exf4
3.Ng1f3 d6
4.Bf1c4 Bc8g4
5.d4 Ng8f6
6.Bc1xf4 Nb8c6
7.Nb1c3 Bg4xf3
8.gxf3 a6
9.Qd1d2 Nf6h5
10.O-O-O Bf8e7
11.Bf4e3 O-O
12.f4 Nc6a5
13.Bc4e2 Nh5f6
14.Rh1g1 Qd8d7
15.e5 dxe5
16.dxe5 Qd7xd2
17.Rd1xd2 Nf6e8
18.Rd2d7 Be7b4
19.Nc3d5 Na5c6
20.Nd5xb4 Nc6xb4
21.Be3c5 Nb4c6
22.Bc5xf8 Kxf8
23.Be2c4 Nc6e7
24.Bc4d3 g6
25.Bd3e4 Ra8b8
26.Rg1d1 c6
27.Rd7d8 Rb8xd8
28.Rd1xd8 b5
29.Rd8a8 h5
30.Ra8xa6 Ne8c7
31.Ra6a3 Nc7d5
32.Ra3f3 f6
33.f5 g5
34.e6 Nd5f4
35.Kd2 c5
36.Rf3a3 b4
37.Ra3a8 Kg7
38.a3 bxa3
39.Ra8xa3 h4
40.Ra3c3 g4
41.Rc3xc5 h3
42.b4 g3
43.hxg3 Nf4h5
44.Rc5c3 h2
45.b5 Ne7xf5
46.Be4xf5 h1Q
{ resign }
0-1

[Event "Tourn. n9304"]
[Site "www.chess-mail.com"]
[Date "2017.06.07"]
[Round "1"]
[White "Libiesse"]
[Black "Jjmcbride"]
[WhiteElo "1890"]
[BlackElo "1770"]
[Result "0-1"]
[Round "1"]
1.d4 e6
2.c4 c5
3.d5 e5
4.e4 d6
5.Nb1c3 a6
6.a4 a5
7.Ng1e2 g6
8.Ne2g3 Nb8a6
9.Bf1e2 Bf8e7
10.O-O Be7h4
11.Qd1d3 Ng8f6
12.f4 Qd8e7
13.fxe5 dxe5
14.Nc3b5 O-O
15.Bc1d2 b6
16.Bd2c3 Bc8d7
17.d6 Qe7d8
18.Bc3xe5 Bd7xb5
19.cxb5 Na6b4
20.Qd3c3 Rf8e8
21.Be5xf6 Bh4xf6
22.Qc3d2 Bf6d4
23.Kh1 Qd8xd6
 { time }
0-1

[Event "Tourn. n9379"]
[Site "www.chess-mail.com"]
[Date "2017.06.07"]
[Round "1"]
[White "Falcoale"]
[Black "Xkafi"]
[WhiteElo "2000"]
[BlackElo "2020"]
[Result "0-1"]
[Round "1"]
1.e4 e5
2.Ng1f3 Qd8f6
3.Bf1c4 Bf8c5
4.O-O d6
5.d3 h6
6.a3 Bc8g4
7.Nb1d2 Ng8e7
8.h3 Bg4h5
9.Qd1e1 Nb8c6
10.b4 Bc5b6
11.Nf3h2 Nc6d4
12.Bc4b3 Ne7g6
13.Nd2f3 Bh5xf3
14.Nh2xf3 Nd4xf3
15.gxf3 Qf6xf3
16.Qe1d1 Qf3xh3
17.a4 Ng6h4
18.Bb3xf7 Kxf7
19.Qd1h5 g6
{ resign }
0-1

[Event "Tourn. n9349"]
[Site "www.chess-mail.com"]
[Date "2017.06.07"]
[Round "1"]
[White "Chessington"]
[Black "Rons"]
[WhiteElo "2420"]
[BlackElo "2600"]
[Result "1-0"]
[Round "1"]
1.Ng1f3 Ng8f6
2.g3 d5
3.Bf1g2 c6
4.O-O Bc8g4
5.d3 e6
6.Nb1d2 Bf8e7
7.e4 O-O
8.h3 Bg4h5
9.b3 h6
10.Bc1b2 a5
11.g4 Bh5g6
12.Nf3e5 Bg6h7
13.a4 Nb8d7
14.Ne5xd7 Nf6xd7
15.Qd1e2 Rf8e8
16.f4 Qd8b6
17.Kh1 Ra8d8
18.e5 Be7c5
19.h4 Bc5d4
20.Bb2xd4 Qb6xd4
21.Qe2f2 Qd4b4
22.Bg2h3 Re8e7
23.Qf2h2 Qb4c5
24.Nd2f3 d4
25.Rf1f2 Nd7b6
26.Qh2g3 Kh8
27.h5 Nb6d5
28.g5 hxg5
29.fxg5 Bh7f5
30.g6 Nd5e3
31.Ra1g1 Kg8
32.gxf7 Re7xf7
33.Nf3g5 Qc5d5
34.Bh3g2 Ne3xg2
35.Rg1xg2 Rf7c7
36.h6 c5
37.hxg7 Rc7xg7
38.Qg3f4 Kf8
39.Qf4h4 { resign }
1-0

[Event "Tourn. n9370"]
[Site "www.chess-mail.com"]
[Date "2017.06.07"]
[Round "1"]
[White "Madz123456"]
[Black "Robinjut"]
[WhiteElo "1500"]
[BlackElo "1620"]
[Result "1-0"]
[Round "1"]
1.e4 e5
2.Ng1f3 d6
3.d4 Nb8d7
4.Bf1c4 Nd7b6
5.Bc4b3 Bc8e6
6.O-O Bf8e7
7.Bb3xe6 fxe6
8.dxe5 d5
9.Qd1e2 c6
10.Nf3d4 Qd8d7
11.Qe2g4 O-O-O
12.Qg4xg7 Ng8h6
13.Qg7xh6 dxe4
14.Bc1e3 c5
15.Nd4xe6 Rd8e8
16.Nb1c3 a6
17.Ra1d1 Qd7c6
18.Ne6g7 Qc6xh6
19.Be3xh6 Re8d8
20.Ng7f5 Be7f6
21.exf6 Nb6d7
22.Bh6f4 Rh8f8
23.Nf5e7 
1-0

[Event "Tourn. n9352"]
[Site "www.chess-mail.com"]
[Date "2017.06.07"]
[Round "1"]
[White "Faerieking"]
[Black "Seger"]
[WhiteElo "2260"]
[BlackElo "2650"]
[Result "0-1"]
[Round "1"]
1.e4 e5
2.Ng1f3 Nb8c6
3.Bf1c4 Bf8c5
4.b4 Bc5xb4
5.c3 Bb4a5
6.d4 exd4
7.O-O Ba5b6
8.cxd4 d6
9.Nb1c3 Nc6a5
10.Bc4d3 Ng8e7
11.Bc1b2 O-O
12.h3 c6
13.Qd1e2 Ne7g6
14.Qe2d2 d5
15.Ra1d1 Na5c4
16.Bd3xc4 dxc4
17.Qd2e2 Ng6f4
18.Qe2xc4 Qd8f6
19.Kh2 Nf4xh3
20.e5 Qf6h6
{ resign }
0-1

[Event "Tourn. n9373"]
[Site "www.chess-mail.com"]
[Date "2017.06.07"]
[Round "1"]
[White "Falcoale"]
[Black "Cjood"]
[WhiteElo "1990"]
[BlackElo "1900"]
[Result "0-1"]
[Round "1"]
1.e4 e5
2.Ng1f3 Nb8c6
3.d4 exd4
4.Nf3xd4 Nc6xd4
5.Qd1xd4 c5
6.Qd4d1 Qd8e7
7.Nb1c3 f5
8.f3 fxe4
9.fxe4 a6
10.Bf1d3 b5
11.O-O c4
12.Nc3d5 Qe7c5
13.Bc1e3 Qc5d6
14.Bd3e2 Bf8e7
15.Be3f4 Qd6c5
16.Kh1 Ng8f6
17.Nd5xe7 Nf6xe4
18.Ne7xc8 Ra8xc8
19.Bf4g3 Rc8c6
20.Be2f3 Ne4xg3
21.hxg3 Rc6h6
22.Bf3h5 Rh6xh5
23.Qd1xh5 Qc5xh5
24.Kg1 Kd8
25.b3 c3
26.Rf1f3 Qh5c5
27.Kh2 b4
28.Ra1d1 Rh8e8
29.Rf3d3 Re8e7
30.Rd3d5 Qc5f2
31.Rd5d6 Qf2xc2
32.Rd1f1 Qc2xa2
{ resign }
0-1

[Event "Tourn. n9300"]
[Site "www.chess-mail.com"]
[Date "2017.06.07"]
[Round "1"]
[White "Pdebonis"]
[Black "Obisporey"]
[WhiteElo "2580"]
[BlackElo "2660"]
[Result "1-0"]
[Round "1"]
1.e4 c5
2.Ng1f3 d6
3.d4 cxd4
4.Nf3xd4 Ng8f6
5.Nb1c3 a6
6.Bc1e3 Nf6g4
7.Be3g5 h6
8.Bg5h4 g5
9.Bh4g3 Bf8g7
10.Bf1e2 h5
11.Nd4f5 Bc8xf5
12.exf5 Ng4h6
13.f6 Bg7xf6
14.Nc3e4 Nb8d7
15.Be2xh5 Bf6xb2
16.Ra1b1 Nd7f6
17.Rb1xb2 Nf6xe4
18.O-O b5
19.a4 Ne4xg3
20.fxg3 Qd8b6
21.Kh1 Qb6c5
22.axb5 axb5
23.Qd1e2 b4
24.Qe2e4 Ra8b8
25.Rb2b1 Qc5c7
26.Rb1e1 Rb8b5
27.Qe4e6 Rh8h7
28.Qe6e4 Rh7h8
29.Qe4d4 e5
30.Qd4e3 g4
31.Rf1f6 Qc7c3
32.Qe3e2 Ke7
33.Re1f1 Rb5a5
34.Bh5xf7 Qc3d4
35.Rf6f4 Qd4b6
36.Bf7b3 Kd7
37.Rf4f6 Qb6d4
38.Rf1d1 Ra5a1
39.Rd1xa1 Qd4xa1
40.Rf6f1 Qa1a8
41.Qe2d3 Kc7
42.Bb3d5 Qa8a5
43.Rf1d1 Qa5b6
44.Qd3g6 { resign }
1-0

[Event "Match"]
[Site "www.echecsemail.com"]
[Date "2017.06.07"]
[Round "1"]
[White "Caspito"]
[Black "Sonny1000"]
[WhiteElo "1900"]
[BlackElo "1400"]
[Result "1-0"]
[Round "1"]
1.e4 e5
2.Ng1f3 f6
3.Bf1c4 Ng8e7
4.c3 a6
5.d4 Nb8c6
6.b4 exd4
7.Nf3xd4 Nc6xd4
8.cxd4 b5
9.Bc4b3 Ne7c6
10.a3 Bf8d6
11.Qd1h5 g6
12.Qh5d5 h5
13.Qd5f7 { resign }
1-0

[Event "Match"]
[Site "www.echecsemail.com"]
[Date "2017.06.07"]
[Round "1"]
[White "Stewartborst"]
[Black "Cal"]
[WhiteElo "1499"]
[BlackElo "1710"]
[Result "1-0"]
[Round "1"]
1.e4 e5
2.Ng1f3 d6
3.d4 exd4
4.Nf3xd4 h6
5.Nb1c3 Ng8f6
6.Bc1f4 Bf8e7
7.Qd1d3 c5
8.Nd4f3 Nb8c6
9.Qd3e3 a6
10.a4 b6
11.Bf1c4 Nc6b4
12.O-O O-O
13.Rf1c1 Bc8g4
14.Qe3e2 Bg4xf3
15.Qe2xf3 Nb4c6
16.e5 Nc6d4
17.Qf3g3 dxe5
18.Bf4xh6 Nf6h5
19.Qg3xe5 gxh6
20.Qe5xh5 Be7g5
21.Rc1d1 Qd8f6
22.Nc3e4 Qf6e5
23.Bc4d3 Nd4e2
24.Qh5xe2 Bg5e7
25.Qe2g4 Kh8
26.Qg4g3 Qe5xb2
27.Rd1b1 Qb2d4
28.Rb1xb6 c4
29.Rb6xh6 { resign }
1-0

[Event "Match"]
[Site "www.echecsemail.com"]
[Date "2017.06.07"]
[Round "1"]
[White "Claymil"]
[Black "Passaroa25"]
[WhiteElo "2030"]
[BlackElo "1630"]
[Result "1-0"]
[Round "1"]
1.c4 c6
2.Nb1c3 d6
3.g3 Bc8e6
4.b3 f6
5.Bf1g2 Be6f7
6.e3 e5
7.Ng1e2 Ng8e7
8.Bc1b2 Ne7g6
9.O-O Nb8d7
10.d4 Bf8e7
11.dxe5 Nd7xe5
12.Qd1c2 O-O
13.Ra1d1 b6
14.f4 Ne5g4
15.Qc2d3 Rf8e8
16.h3 Ng4h6
17.Kh2 Be7f8
18.Bg2xc6 Ng6e7
19.Bc6xa8 Qd8xa8
20.e4 Ne7c6
21.a3 a5
22.Nc3b5 Qa8b7
23.Nb5xd6 Bf8xd6
24.Qd3xd6 Nc6e7
25.Ne2c3 g6
26.Qd6xf6 Qb7c6
27.Nc3d5 Bf7xd5
28.Qf6g7 
1-0

[Event "Match"]
[Site "www.echecsemail.com"]
[Date "2017.06.07"]
[Round "1"]
[White "Said1991"]
[Black "Irene"]
[WhiteElo "1809"]
[BlackElo "2140"]
[Result "1-0"]
[Round "1"]
1.e4 e5
2.Ng1f3 Nb8c6
3.Bf1b5 a6
4.Bb5a4 Ng8f6
5.O-O b5
6.Ba4b3 Bf8d6
7.c3 Nf6xe4
8.Rf1e1 Ne4c5
9.Bb3c2 O-O
10.Nf3xe5 Bd6xe5
11.d4 Be5xh2
12.Kxh2 Qd8h4
13.Kg1 d6
14.dxc5 Nc6e5
15.Qd1d4 Ne5g4
16.Qd4f4 h6
17.cxd6 cxd6
18.Nb1d2 Bc8b7
19.Nd2e4 g5
20.Qf4xg4 f5
21.Qg4xh4 gxh4
22.Ne4xd6 Bb7c6
23.Nd6xf5 h3
24.gxh3 Ra8a7
25.Nf5e7 Kh8
26.Ne7xc6 Ra7g7
27.Kf1 Rg7f7
28.Bc1e3 Rf7f3
29.Be3d4 Kg8
30.Re1e7 Rf8f4
31.Bc2h7 Kf8
32.Bd4g7 
1-0

[Event "Match"]
[Site "www.echecsemail.com"]
[Date "2017.06.07"]
[Round "1"]
[White "Thor1"]
[Black "Bjonil60"]
[WhiteElo "1499"]
[BlackElo "1450"]
[Result "0-1"]
[Round "1"]
1.e4 Nb8c6
2.Nb1c3 e5
3.Qd1f3 Nc6d4
4.Qf3d1 Qd8e7
5.d3 f5
6.Nc3d5 Qe7e6
7.Nd5xc7 Ke7
 { time }
0-1

[Event "Tourn. n9346"]
[Site "www.chess-mail.com"]
[Date "2017.06.08"]
[Round "1"]
[White "Quaff"]
[Black "Madz123456"]
[WhiteElo "1539"]
[BlackElo "1470"]
[Result "0-1"]
[Round "1"]
1.e4 c5
2.f4 g6
3.Ng1f3 Bf8g7
4.c3 Ng8f6
5.d3 O-O
6.Bc1e3 Qd8c7
7.Bf1e2 d5
8.e5 Nf6g4
9.Qd1d2 Ng4xe3
10.Qd2xe3 Qc7b6
11.b3 Nb8c6
12.O-O Bc8f5
13.Nb1d2 f6
14.exf6 exf6
15.Qe3f2 Ra8e8
16.Rf1e1 Bf5d7
17.Be2f1 f5
18.d4 cxd4
19.Nf3xd4 Nc6xd4
20.Kh1 Nd4e6
21.Qf2xb6 axb6
22.g3 Bg7xc3
23.Ra1d1 d4
24.Bf1c4 b5
25.Bc4xe6 Re8xe6
26.Nd2f3 Bd7c6
27.Kg2 Bc3xe1
{ resign }
0-1

[Event "Tourn. n9358"]
[Site "www.chess-mail.com"]
[Date "2017.06.08"]
[Round "1"]
[White "Madz123456"]
[Black "Rookie"]
[WhiteElo "1500"]
[BlackElo "1380"]
[Result "1-0"]
[Round "1"]
1.e4 e5
2.Ng1f3 Nb8c6
3.Bf1b5 a6
4.Bb5a4 d6
5.c3 b5
6.Ba4c2 Ng8f6
7.d4 Nf6xe4
8.Bc2xe4 d5
9.Be4c2  { time }
1-0

[Event "Tourn. n9390"]
[Site "www.chess-mail.com"]
[Date "2017.06.08"]
[Round "1"]
[White "Picifarkinca"]
[Black "Bojan"]
[WhiteElo "2020"]
[BlackElo "2000"]
[Result "0-1"]
[Round "1"]
1.e4 e5
2.Ng1f3 d6
3.d4 exd4
4.Nf3xd4 Bc8d7
5.Bf1d3 Nb8c6
6.Nd4xc6 Bd7xc6
7.O-O Bf8e7
8.c3 Be7g5
9.f4 Bg5h6
10.Qd1g4 Qd8e7
11.Nb1a3 a6
12.f5 Ng8f6
13.Qg4h4 Bh6xc1
14.Ra1xc1 Kd7
15.Na3c4 Ra8e8
16.Rc1e1 Qe7d8
17.Nc4d2 b5
18.Nd2f3 Kc8
19.Nf3d4 Bc6b7
20.Bd3b1 c5
21.Nd4f3 h6
22.e5 dxe5
23.Nf3xe5 Qd8d5
24.Ne5f3 a5
25.Re1d1 Qd5c6
26.Rf1e1 Nf6h7
27.Qh4f4 Re8xe1
28.Rd1xe1 Qc6d7
29.Qf4e5 Nh7f6
30.Qe5xc5 Kb8
31.Re1e7 Qd7d5
32.Qc5xd5 Bb7xd5
33.Nf3e5 Rh8f8
34.b3 Nf6g8
35.Re7d7 Ng8f6
36.Rd7d6 Kc7
37.Rd6a6 Rf8e8
38.Ne5d3 Bd5e4
{ resign }
0-1

[Event "Tourn. n9366"]
[Site "www.chess-mail.com"]
[Date "2017.06.08"]
[Round "1"]
[White "Falcoale"]
[Black "Cjood"]
[WhiteElo "1980"]
[BlackElo "2070"]
[Result "1-0"]
[Round "1"]
1.e4 e5
2.Ng1f3 Ng8f6
3.Nf3xe5 Qd8e7
4.Ne5f3 Qe7xe4
5.Bf1e2 Bf8c5
6.O-O Qe4c6
7.Rf1e1 O-O
8.d4 Bc5b4
9.c3 Bb4a5
10.h3 d5
11.Nb1d2 Bc8f5
12.Nf3e5 Qc6e6
13.Nd2b3 Ba5b6
14.Be2f3 Rf8e8
15.Bc1f4 Qe6d6
16.Bf4h2 Nb8d7
17.Ne5xf7 Re8xe1
18.Qd1xe1 Qd6f8
19.Nf7e5 Nd7xe5
20.Qe1xe5 Nf6d7
21.Bf3xd5 Kh8
22.Qe5e1 c6
23.Bd5f3 Bf5xh3
24.Qe1e4 Bh3f5
25.Qe4e1 Ra8e8
26.Qe1d2 a5
27.Ra1e1 Re8xe1
28.Qd2xe1 Nd7f6
29.Qe1e5 Bf5b1
30.a3 Bb1a2
31.Nb3d2 Nf6d7
32.Qe5e2 Bb6a7
33.Nd2e4 Ba2d5
34.Ne4g5 Nd7f6
35.Bf3xd5 cxd5
36.Qe2e6 h6
37.Ng5f7 Kh7
38.Bh2e5 Nf6h5
39.Be5d6 Nh5f6
40.Bd6xf8 { resign }
1-0

[Event "Tourn. n9264"]
[Site "www.chess-mail.com"]
[Date "2017.06.08"]
[Round "1"]
[White "Falcoale"]
[Black "Paulsyd"]
[WhiteElo "2010"]
[BlackElo "2049"]
[Result "0-1"]
[Round "1"]
1.e4 d5
2.exd5 Ng8f6
3.Ng1f3 Qd8xd5
4.Nb1c3 Qd5a5
5.d4 c6
6.Bf1d3 Bc8f5
7.Bd3c4 e6
8.O-O Bf8d6
9.Bc1d2 Qa5c7
10.Rf1e1 O-O
11.h3 Nb8d7
12.Bd2e3 Rf8e8
13.Kf1 b5
14.Bc4b3 a5
15.a3 a4
16.Bb3a2 Nf6d5
17.Nc3xd5 exd5
18.c3 Bf5e4
19.Nf3d2 Bd6f4
20.Nd2xe4 Re8xe4
21.Be3xf4 Re4xe1
22.Qd1xe1 Qc7xf4
23.Qe1e7 Nd7f6
24.Qe7b7 Ra8f8
25.Qb7xc6 Qf4h2
26.Ke2 Qh2xg2
27.Qc6xb5 Rf8e8
28.Qb5xe8 Nf6xe8
29.Ra1e1 Ne8d6
30.Kd1 Qg2xf2
31.Ba2xd5 Qf2xb2
32.Re1e7 Qb2xc3
33.Re7d7 Qc3xd4
34.Kc1 Qd4c5
35.Kb1 Qc5b5
{ resign }
0-1

[Event "Tourn. n9344"]
[Site "www.chess-mail.com"]
[Date "2017.06.08"]
[Round "1"]
[White "Jesmantiz"]
[Black "Sorento"]
[WhiteElo "2160"]
[BlackElo "2260"]
[Result "0-1"]
[Round "1"]
1.d4 f5
2.e3 Ng8f6
3.Bf1d3 g6
4.Nb1d2 Bf8g7
5.c4 d6
6.f4 e5
7.d5 O-O
8.Ng1h3 Nf6g4
9.Nd2f1 Qd8h4
10.Nf1g3 Ng4xh2
11.Kf2 Nh2g4
12.Kg1 Qh4xg3
13.Qd1e2 exf4
14.Nh3xf4 Ng4e5
15.Bd3c2 Qg3g4
16.Qe2f2 Nb8a6
17.a3 Na6c5
18.Rh1h4 Qg4g5
19.Ra1b1 Nc5e4
20.Nf4h3 Ne5f3
21.Qf2xf3 Qg5xh4
22.b4 g5
23.Qf3f1 Ne4g3
24.Qf1d3 f4
25.Nh3f2 Bc8f5
26.e4 Bf5xe4
27.Nf2xe4 Qh4h1
28.Kf2 Bg7d4
{ resign }
0-1